000 00740nam a2200241Ia 4500
003 OSt
005 20220918220831.0
006 a|||||r|||| 00| 0
007 ta
008 220917b |||||||| |||| 00| 0 eng d
024 _a147,163
037 _cTextual
040 _aARTS
_cARTS
_beng
041 _2eng
_aeng
082 _aY31:6.58.N25<-N10, L2
100 _aShanin Teodor
245 0 _aAwkward class
_b Political sociology of Peasantry in a developing society
260 _aOxford
_bClarendon Press
_c1972
500 _aAppendices p203-227(A-B); Bibliography p228-238; Glossary p239-244
650 _aSOCIOLOGY
942 _hY31:6.58.N25<-N10, L2
_cTEXL
_2CC
999 _c269917
_d269917